Chelsea Squad 2026 - Statistics

General Stats
  • This quiz has been taken 29 times
  • The average score is 25 of 31
Answer Stats
Nation Age Position Answer % Correct
Spain 27 LB Marc Cucurella
100%
Argentina 24 DM Enzo Fernandez
96%
Brazil 18 RW Estevao
96%
Ecuador 24 CDM Moises Caicedo
96%
Portugal 25 RW Pedro Neto
96%
England 26 RB Reece James
96%
Spain 28 GK Robert Sanchez
96%
Argentina 21 LW Alejandro Garnacho
92%
Brazil 24 ST Joao Pedro
92%
Ukraine 25 LW Mykhaylo Mudryk
92%
England 23 CAM Cole Palmer
88%
England 22 ST Liam Delap
88%
England 31 RW Raheem Sterling
88%
Belgium 22 CDM Romeo Lavia
88%
France 24 CB Benoit Badiashile
85%
Denmark 23 GK Filip Jorgensen
85%
France 22 RB Malo Gusto
85%
Spain 20 ST Marc Guiu
85%
England 26 CB Trevoh Chalobah
85%
Brazil 21 CM Andrey Santos
77%
Netherlands 19 LB Jorrel Hato
77%
England 19 CB Josh Acheampong
77%
England 22 CB Levi Colwill
77%
France 25 CB Wesley Fofana
77%
France 27 CB Axel Disasi
73%
England 21 LW Jamie Gittens
65%
England 28 CB Tosin Adarabioyo
62%
USA 21 GK Gabriel Slonina
58%
Portugal 20 CDM Dario Essugo
54%
England 19 LW Tyrique George
54%
Argentina 21 CAM Facundo Buonanotte
50%
No matching quizzes found
Score Distribution
Percent of People with Each Score
Percentile by Number Answered
Your Score History
You have not taken this quiz